NATIONAL Agricultural Policy, 3rd

Bibliographic Details
Format: Book
Published: Kuala Lumpur : Ministry of Agriculture , 1999
Subjects:

MARC

LEADER 00000cam a2200000 7i4500
001 0000000209
005 20000719.0
020 0 0 |a 9839863126 
090 0 0 |a MR338.18595   |b NAT 1999 
245 0 0 |a NATIONAL Agricultural Policy, 3rd   |f (1998-2010) 
260 0 0 |a Kuala Lumpur :   |b Ministry of Agriculture ,   |c 1999 
300 |a xvi, 265 p. ;   |c 30 cm. 
650 0 0 |a Agriculture and state   |z Malaysia 
650 0 0 |a Agriculture   |z Malaysia 
999 |a 0000001077   |b Monograph   |c Reference   |e Default branch